000 00809nam a2200229Ia 4500
005 20260430150800.0
008 008 250103s9999 xx 000 0 hin d
037 _aTheses
040 _aCRL
040 _bhin
040 _chin
041 _2hin
041 _ahin
084 _qCRL
100 _aसिंह, अंकित कुमार, ले.
_9868765
245 0 _aअशोक के शिलालेखों का समीक्षात्मक अध्ययन: वर्तमान परिप्रेक्ष्य में
260 _c2023
300 _a197पृ0
700 _aदिल्ली विश्वविद्यालय. कला संकाय. बौद्ध अध्ययन विभाग
942 _cTH
999 _c1850749
_d1850749